[Event "CZE-ch U16 Girls"]
[Site "Kouty nad Desnou"]
[Date "2024.03.15"]
[Round "8"]
[White "Dominikova, Denisa"]
[Black "Brezikova, Beata"]
[Result "1/2-1/2"]
[WhiteElo "1716"]
[BlackElo "1804"]
[PlyCount "65"]
[EventDate "2024.03.09"]
[EventType "swiss"]
[EventRounds "9"]
[EventCountry "CZE"]
[SourceTitle "CB12_2024"]
[SourceDate "2023.10.01"]
[SourceVersion "1"]
[SourceVersionDate "2023.10.01"]
[SourceQuality "1"]

1. e4 e5 2. Nf3 Nc6 3. Bb5 a6 4. Ba4 Nge7 5. d4 exd4 6. Nxd4 Nxd4 7. Qxd4 Nc6 8. Qd3 Be7 9. Nc3 0-0 10. Be3 Ne5 11. Qe2 b5 12. Bb3 c5 13. Bd5 Rb8 14. 0-0 d6 15. Bf4 Ng6 16. Bg3 Bd7 17. Nd1 Ne5 18. Ne3 Qc8 19. f3 Be6 20. Rfd1 Re8 21. b3 Bf8 22. c4 bxc4 23. Bxe5 dxe5 24. Nxc4 Bd7 25. Rac1 Bb5 26. Qc2 Qc7 27. Ne3 a5 28. Bc4 Bc6 29. Nd5 Qa7 30. Kh1 a4 31. Qc3 axb3 32. axb3 Rbd8 33. Ra1 1/2-1/2

[Event "CZE-ch U14 Girls"]
[Site "Luhacovice"]
[Date "2022.03.14"]
[Round "4"]
[White "Dominikova, Denisa"]
[Black "Kavanova, Anezka"]
[Result "1/2-1/2"]
[WhiteElo "1254"]
[BlackElo "1089"]
[PlyCount "79"]
[EventDate "2022.03.12"]
[EventType "swiss"]
[EventRounds "9"]
[EventCountry "CZE"]
[SourceTitle "EXT 2023"]
[Source "ChessBase"]
[SourceDate "2022.10.05"]
[SourceVersion "1"]
[SourceVersionDate "2022.10.05"]
[SourceQuality "1"]

1. e4 c5 2. Nf3 d6 3. d4 cxd4 4. Nxd4 Nf6 5. Nc3 g6 6. Bc4 Bg7 7. 0-0 0-0 8. h3 Nc6 9. Be3 Bd7 10. Qd2 Ne5 11. Bb3 Rc8 12. f4 Nc4 13. Bxc4 Rxc4 14. b3 Rc8 15. Qd3 e5 16. fxe5 dxe5 17. Ndb5 Bxb5 18. Nxb5 Qxd3 19. cxd3 a6 20. Nd6 Rc3 21. Bg5 Nh5 22. Nxb7 f6 23. Bc1 Rb8 24. Nd6 Rxd3 25. Nc4 Ng3 26. Rf3 Rd1+ 27. Kf2 Nxe4+ 28. Ke2 Rdd8 29. Be3 Nc3+ 30. Ke1 Nd5 31. Bd2 f5 32. Rc1 e4 33. Rf2 Re8 34. Ne3 Rbd8 35. Rc6 Nxe3 36. Bxe3 a5 37. g4 fxg4 38. hxg4 Be5 39. Rfc2 Ra8 40. R2c4 1/2-1/2

[Event "CZE-ch U14 Girls"]
[Site "Luhacovice"]
[Date "2022.03.12"]
[Round "1"]
[White "Rybackova, Lucie"]
[Black "Dominikova, Denisa"]
[Result "1-0"]
[WhiteElo "1617"]
[BlackElo "1254"]
[PlyCount "134"]
[EventDate "2022.03.12"]
[EventType "swiss"]
[EventRounds "9"]
[EventCountry "CZE"]
[SourceTitle "EXT 2023"]
[Source "ChessBase"]
[SourceDate "2022.10.05"]
[SourceVersion "1"]
[SourceVersionDate "2022.10.05"]
[SourceQuality "1"]

1. e4 e5 2. Nf3 Nc6 3. Bb5 a6 4. Ba4 Nf6 5. 0-0 Be7 6. Re1 b5 7. Bb3 d6 8. c3 0-0 9. d4 Bg4 10. Be3 Qd7 11. Nbd2 h6 12. Bc2 Rfe8 13. Nf1 Bd8 14. Ng3 Qc8 15. h3 Bd7 16. Qd3 Qb7 17. Rad1 a5 18. b3 Rb8 19. Nd2 Ne7 20. dxe5 dxe5 21. Ndf1 Ng6 22. Bb1 Re6 23. Qc2 c6 24. Bc5 Bb6 25. Bxb6 Qxb6 26. c4 Rd8 27. c5 Qc7 28. Nf5 Bc8 29. Rxd8+ Qxd8 30. Rd1 Qf8 31. Nd6 Re7 32. Rd2 Ba6 33. b4 axb4 34. Qb3 Rd7 35. Qxb4 Ne8 36. Ne3 Qe7 37. Nef5 Qe6 38. Nxe8 Qxe8 39. Rxd7 Qxd7 40. Nd6 Nf4 41. Qa5 Bc8 42. Qa8 Ne2+ 43. Kh2 Nc3 44. Bc2 Kh7 45. Qxc8 Qxc8 46. Nxc8 Nxa2 47. Na7 Nb4 48. Bb3 Kg6 49. Nc8 Kf6 50. Nd6 Nd3 51. Nb7 Nxf2 52. Bc2 Kg5 53. Kg1 Nxe4 54. Bxe4 Kf4 55. Bxc6 b4 56. Ba4 e4 57. c6 e3 58. c7 e2 59. Kf2 b3 60. Bxb3 e1Q+ 61. Kxe1 f5 62. c8Q g6 63. Kf2 h5 64. Qc4+ Kg5 65. h4+ Kh6 66. Qg8 f4 67. Bf7 f3 1-0

[Event "CZE-ch U14"]
[Site "Herlikovice"]
[Date "2021.10.23"]
[Round "1"]
[White "Vecer, Martin"]
[Black "Dominikova, Denisa"]
[Result "1/2-1/2"]
[WhiteElo "1440"]
[BlackElo "1149"]
[PlyCount "98"]
[EventDate "2021.10.23"]
[EventType "swiss"]
[EventRounds "9"]
[EventCountry "CZE"]
[SourceTitle "EXT 2023"]
[Source "ChessBase"]
[SourceDate "2022.10.05"]
[SourceVersion "1"]
[SourceVersionDate "2022.10.05"]
[SourceQuality "1"]

1. e4 e5 2. Nf3 Nc6 3. Bc4 Bc5 4. c3 Nf6 5. d4 exd4 6. cxd4 Bb6 7. Bg5 h6 8. Bh4 g5 9. Bg3 Nxe4 10. 0-0 Nxg3 11. fxg3 d5 12. Bb5 Bd7 13. Bxc6 Bxc6 14. Ne5 0-0 15. a4 a5 16. Kh1 Be8 17. Na3 f6 18. Ng4 Kg7 19. Nc2 Qd7 20. Nce3 Bg6 21. Qd2 Rae8 22. b3 Re4 23. h3 Bxd4 24. Rad1 h5 25. Qxa5 Bxe3 26. Rxd5 Qc6 27. Nxe3 Rxe3 28. Rc5 Qd6 29. Rxc7+ Rf7 30. Rxf7+ Kxf7 31. Qxg5 Rxg3 32. Qh4 Rxb3 33. Qc4+ Qe6 34. Qc7+ Kf8 35. Qd8+ Kg7 36. Qc7+ Qf7 37. Qf4 Qe7 38. Qf2 Rb1 39. Rxb1 Bxb1 40. Qg3+ Bg6 41. Qf2 Qb4 42. Qg3 Qxa4 43. Qc7+ Kh6 44. Qc1+ Kg7 45. Qc7+ Kf8 46. Qd8+ Qe8 47. Qxf6+ Kg8 48. Qc3 b5 49. Qb3+ Bf7 1/2-1/2

[Event "CZE-ch Betsys Online Blitz"]
[Site "Chess.com INT"]
[Date "2021.04.17"]
[Round "5"]
[White "Dominikova, Denisa"]
[Black "Skalicky, Jindrich"]
[Result "0-1"]
[WhiteElo "1192"]
[BlackElo "1158"]
[PlyCount "54"]
[EventDate "2021.04.17"]
[EventType "swiss (blitz)"]
[EventRounds "13"]
[EventCountry "CZE"]
[SourceTitle "CBM 201 Extra"]
[Source "ChessBase"]
[SourceDate "2021.05.31"]
[SourceVersion "1"]
[SourceVersionDate "2021.05.31"]
[SourceQuality "1"]

1. e4 c5 2. Nf3 e6 3. Bc4 d5 4. exd5 exd5 5. Bb5+ Bd7 6. Bxd7+ Nxd7 7. d4 cxd4 8. Nxd4 Ngf6 9. Bg5 Be7 10. Qe2 0-0 11. Nc3 Re8 12. 0-0-0 Bb4 13. Qd3 Bxc3 14. Qxc3 Rc8 15. Qd3 Nb6 16. h4 h6 17. Bf4 Nc4 18. Qg3 Qb6 19. b3 Ne5 20. Bxh6 Ng6 21. Be3 Ne4 22. Qg4 Nf6 23. Qg5 Ne4 24. Qg4 Qb4 25. h5 Qa3+ 26. Kb1 Nc3+ 27. Ka1 Qxa2# 0-1

[Event "CZE-ch Betsys Online Blitz"]
[Site "Chess.com INT"]
[Date "2021.04.17"]
[Round "3"]
[White "Novak, Pavel2222"]
[Black "Dominikova, Denisa"]
[Result "1-0"]
[WhiteElo "1419"]
[BlackElo "1192"]
[PlyCount "115"]
[EventDate "2021.04.17"]
[EventType "swiss (blitz)"]
[EventRounds "13"]
[EventCountry "CZE"]
[SourceTitle "CBM 201 Extra"]
[Source "ChessBase"]
[SourceDate "2021.05.31"]
[SourceVersion "1"]
[SourceVersionDate "2021.05.31"]
[SourceQuality "1"]

1. Nf3 Nc6 2. g3 e5 3. d3 d5 4. Bg2 Nf6 5. 0-0 Be6 6. Nbd2 Bd6 7. c4 dxc4 8. Nxc4 Bc5 9. a3 0-0 10. b4 Bd4 11. Nxd4 Nxd4 12. Bxb7 Rb8 13. Bg2 Qd7 14. Nxe5 Qc8 15. Bb2 Nb3 16. Rb1 c5 17. Nc4 cxb4 18. Qxb3 Bxc4 19. dxc4 bxa3 20. Qxa3 Qxc4 21. Bxf6 gxf6 22. Qxa7 Rxb1 23. Rxb1 Qxe2 24. Qe3 Qc2 25. Rc1 Qb2 26. Qf4 h5 27. Re1 Qc3 28. Qe3 Qb4 29. Bf1 f5 30. Bd3 Qa5 31. Qg5+ Kh8 32. Qxh5+ Kg7 33. Qg5+ Kh8 34. Qe3 Rg8 35. Qe5+ Qxe5 36. Rxe5 f6 37. Rxf5 Kh7 38. Rxf6+ Kg7 39. Rg6+ Kf8 40. Rxg8+ Kxg8 41. Kg2 Kg7 42. Kf3 Kf6 43. Kf4 Kf7 44. Kf5 Kg7 45. h4 Kf7 46. h5 Kg7 47. g4 Kh6 48. f4 Kg7 49. g5 Kh7 50. Kf6+ Kg8 51. g6 Kf8 52. h6 Kg8 53. Bc4+ Kh8 54. g7+ Kh7 55. Bd3+ Kxh6 56. g8Q Kh5 57. Be2+ Kh4 58. Qg4# 1-0